000
00244nam a2200085Ia 4500
008
160329s9999 xx 000 0 und d
245
_a
Society of Professional Journalists
650
_a
Mass Communication.
856
_u
https://www.spj.org/index.asp
999
_c
292912
_d
292912